00295nam a2200121Ia 45000030006000000080041000060400015000471000038000622450035001002600009001355460012001440050017001560STCL150530s9999 xx 000 0 und d aSTCLcSTCL aSidney Greenbaum; Leech; Svartvik aStudies in English linguistics c1983 aEnglish20220125165758.0